00496nam a2200205Ia 4500008004100000020001800041050001400059100001700073245002500090245003300115245001700148260001500165260001600180260000900196300001400205300002700219300001000246440002600256500000800282170918s9999 xx 000 0 und d a9780590400237 bB414 1995 aBeech, Linda aMeet the rot squad : ba book about decomposition / cLinda Beech. aNew York : bScholastic, c1995 aunpaged : bcolored illustration ; c20cm. aThe magic school bus. a470